00564 a2200181 450000100060000002000150000604000220002110000190004324000280006224500230009030000080011336200090012165000230013094200070015395200890016095201160024999900170036556677 a8508075553 cAnchieta - Pituba aDokey, Cameron10aJuntos para semprelpor10aJuntos para sempre a1660 a2000 4aLiteratura juvenil cBK 00104070a91.1b91.1d2023-11-21l0p6264/PITr2023-11-21 18:24:11w2023-11-21yBK 00102udc4070a39.1b39.1d2024-08-13l0o028.5 D658jp6774/CCPr2024-08-13 15:24:51tEx. 1w2024-08-13yBKu c56677d56677